000
002240000a22000970004500
100
1
_a
Stevens, Jessie
245
1
0
_a
Children and the kingdom of God
300
_a
Núm 8 (1985), Páginas 5-8
773
0
_t
Together
942
_c
ANA
999
_c
56965
_d
56965